| 000 | 00914nam a2200241 ic4500 | ||
|---|---|---|---|
| 003 | IT-RoINE | ||
| 005 | 20180706061931.0 | ||
| 008 | 020829s1950 fr af|||| ||||| |||||c | ||
| 040 |
_cIT-RoINE _dIT-RoINE |
||
| 100 | 1 |
_aCatta, Étienne, _d1901-1974 _951377 |
|
| 245 | 0 | 0 |
_aLe T.R.P. Basile-Antoine Moreau, (1799-1873), et les Origines de la Congrégation de Sainte-Croix / _cEtienne Catta ; Tony Catta. |
| 260 |
_aMontréal ; _aParis : _bFides, _c1950. |
||
| 300 |
_a3 v. ; _c25 cm. |
||
| 336 |
_2rdacontent _atext |
||
| 337 |
_2rdamedia _aunmediated |
||
| 338 |
_2rdacarrier _avolume |
||
| 500 | _aIncluye índices. | ||
| 504 | _aFuentes: p. [XVIII]-XX (t. 1) ; bibliografía: p. [481]-484 (t. 3). | ||
| 600 | 1 | 4 |
_aMoreau, Basile-Antoine-Marie, _d1799-1873 _951378 |
| 610 | 2 | 4 |
_aCongregación de Santa Cruz (Le Mans, Francia) _xHistoria _951379 |
| 700 | 1 |
_aCatta, Tony, _d1884-1974 _951380 |
|
| 942 | _cMTS | ||
| 999 |
_c25891 _d25891 |
||